书目信息 |
| 题名: |
临床心理学
|
|
| 作者: | 王登峰 著 | |
| 分册: | ||
| 出版信息: | 北京 人民教育出版社 1999.1 |
|
| 页数: | 347页 | |
| 开本: | 21cm | |
| 丛书名: | 应用心理学书系 | |
| 单 册: | ||
| 中图分类: | R395.1 | |
| 科图分类: | ||
| 主题词: | 医学心理学 | |
| 电子资源: | ||
| ISBN: | 978-7-107-12923-0 | |
| 000 | 00831nam0 2200301 450 | |
| 000 | 00794nam0 2200289 450 | |
| 000 | 00757nam0 2200277 450 | |
| 000 | 00683nam0 2200253 450 | |
| 000 | 00788oam2 2200265 45 | |
| 001 | 1360593077 | |
| 005 | 20130530170037.20 | |
| 010 | @a978-7-107-12923-0 | |
| 100 | @a20130513d1999 em y0chiy0110 ea | |
| 101 | 0 | @achi |
| 102 | @aCN@b110000 | |
| 105 | @ay z 000yy | |
| 106 | @ar | |
| 200 | 1 | @a临床心理学@ALin Chuang Xin Li Xue@f王登峰著@FWang Deng Feng Zhu |
| 210 | @a北京@c人民教育出版社@d1999.1 | |
| 215 | @a347页@d21cm | |
| 225 | 2 | @a应用心理学书系 |
| 461 | 0 | @12001 @a应用心理学书系 |
| 606 | 0 | @a医学心理学 |
| 690 | @aR395.1@v5 | |
| 701 | 0 | @a王登峰@AWang Deng Feng@4著 |
| 801 | @aCN@bTANGWEI@c20130523 | |
| 905 | @b0835937-40@dR395.1@e224@f4 | |
| 临床心理学/王登峰著.-北京:人民教育出版社,1999.1 |
| 347页;21cm.-(应用心理学书系) |
| ISBN 978-7-107-12923-0: |
| ● |
| 相关链接 |
|
|
|
|
正题名:临床心理学
索取号:R395.1/224
 
预约/预借
| 序号 | 登录号 | 条形码 | 馆藏地/架位号 | 状态 | 备注 |
| 1 | 0835937 | 208359373 | 第二样本阅览室/ [索取号:R395.1/224] | 在馆 | |
| 2 | 0835938 | 208359382 | 教育系资料室/ [索取号:R395.1/224] | 在馆 | |
| 3 | 0835939 | 208359391 | 教育系资料室/ [索取号:R395.1/224] | 在馆 | |
| 4 | 0835940 | 208359408 | 第三借阅区/ [索取号:R395.1/224] | 在馆 |